Statistics for European Countries With Most Forest Fires

Click here to take the quiz!

General Stats

  • This quiz has been taken 92 times
  • The average score is 9 of 10

Answer Stats

FiresAnswer% Correct
10089Russia
98%
8817Spain
98%
4285France
96%
4793Italy
96%
13261Portugal
96%
777Greece
95%
5286Poland
90%
5454Sweden
85%
933Finland
83%
641Latvia
46%

Score Distribution

Percentile by Number Answered

Percent of People with Each Score

Your Score History

You have not taken this quiz